| 000 | 01693nam a22002657a 4500 | ||
|---|---|---|---|
| 999 |
_c29082 _d29053 |
||
| 003 | EG-ScBUE | ||
| 005 | 20210418101000.0 | ||
| 008 | 210418s2020 ua o f 000 0 ara d | ||
| 040 |
_aEG-ScBUE _bara _erda _cEG-ScBUE _dEG-ScBUE |
||
| 043 | _af-ua--- | ||
| 082 | 0 | 4 |
_a342.620858 _bج ا م _222 |
| 110 | 2 |
_aالجامعة البريطانية في مصر _bكلية القانون. _bمركز بحوث القانون والتكنولوجيا، _eمعد. |
|
| 245 | 1 | 0 |
_aدراسة نقدية لقانون حماية البيانات الشخصية رقم (151) لسنة 2020 : _bتتضمن الدراسة توصيات ورشة العمل المنعقدة بكلية القانون بالجامعة البريطانية في مصر يوم الإثنين الموافق 12 أكتوبر 2020 / _cإعداد مركز بحوث القانون والتكنولوجيا ؛ إشراف أ. د. حسن عبد الحميد، عميد كلية القانون بالجامعة البريطانية، مدير مركز بحوث القانون والتكنولوجيا. |
| 264 | 1 |
_a[القاهرة] : _bالجامعة البريطانية، كلية القانون : _bمكتب أندرسن للمحاماة، _c2020. |
|
| 300 |
_a138 صفحة : _bصور ; _c30 سم |
||
| 336 |
_2rdacontent _aنص _btxt |
||
| 337 |
_2rdamedia _aبدون وسيط _bn |
||
| 338 |
_2rdacarrier _aمجلد _bnc |
||
| 650 | 7 |
_aالبيانات، حماية _vقوانين وتشريعات _zمصر _2BUEsh |
|
| 650 | 7 |
_aحق الملكية _vقوانين و تشريعات _zمصر _2BUEsh |
|
| 653 |
_bLLAAWW _cApril2021 |
||
| 655 |
_vReading book _934232 |
||
| 700 | 1 |
_aعبد الحميد، حسن، _eمشرف. |
|
| 942 | _2ddc | ||